2020s Copa Libertadores Champions - Starting XI - Statistics

General Stats
  • This quiz has been taken 13 times
  • The average score is 35 of 61
Answer Stats
Pos. Player % Correct
GK Fábio
88%
LB Filipe Luís
88%
GK Weverton
88%
GK Agustín Rossi
75%
CF Bruno Henrique
75%
CB Danilo Luiz
75%
DM Danilo Oliveira
75%
CB David Luiz
75%
CF Gabriel Barbosa
75%
CF Germán Cano
75%
CB Gustavo Gómez
75%
RW Jhon Arias
75%
CF Pedro
75%
CM Raphael Veiga
75%
Manager Abel Ferreira
63%
CB Alexander Barboza
63%
Manager Artur Jorge
63%
RW Dudu
63%
CM Erick Pulgar
63%
CB Felipe Melo
63%
Manager Fernando Diniz
63%
AM Giorgian de Arrascaeta
63%
RB Guillermo Varela
63%
GK John
63%
CB Léo Pereira
63%
CB Luan
63%
CF Luiz Adriano
63%
RW Luiz Henrique
63%
AM Paulo Henrique Ganso
63%
LM Rony
63%
GK Santos
63%
LB Alex Sandro
50%
LB Alex Telles
50%
CM André
50%
Manager Dorival Júnior
50%
CM Éverton Ribeiro
50%
LW Gustavo Scarpa
50%
CF Igor Jesus
50%
RW Jorge Carrascal
50%
CM Jorginho
50%
LB Marcelo
50%
CM Marlon Freitas
50%
RB Mayke
50%
CB Nino
50%
LW Samuel Lino
50%
LW Thiago Almada
50%
RB Vitinho
50%
CM Zé Rafael
50%
CB Adryelson
38%
RM Gabriel Menino
38%
CM Gregore
38%
AM Jefferson Savarino
38%
CM João Gomes
38%
LB Joaquín Piquerez
38%
LW Keno
38%
RB Marcos Rocha
38%
LB Matias Viña
38%
RB Rodinei
38%
RB Samuel Xavier
38%
DM Thiago Maia
38%
CM Matheus Martinelli
25%
No matching quizzes found
Score Distribution
Percent of People with Each Score
Percentile by Number Answered
Your Score History
You have not taken this quiz